书目信息 |
| 题名: |
化学哲学新体系
|
|
| 作者: | 道尔顿 著 ;李家玉 , 盛根玉 译 | |
| 分册: | ||
| 出版信息: | 北京 北京大学出版社 2006.07 |
|
| 页数: | 308页 | |
| 开本: | 27cm | |
| 丛书名: | 科学素养文库 | |
| 单 册: | ||
| 中图分类: | O6-05 | |
| 科图分类: | ||
| 主题词: | 化学哲学--hua xue zhe xue | |
| 电子资源: | ||
| ISBN: | 7-301-09555-4 | |
| 000 | 01314nam 2200289 450 | |
| 001 | 012007315658 | |
| 005 | 20070927105347.35 | |
| 010 | @a7-301-09555-4@dCNY35.00 | |
| 100 | @a20070723d2006 km y0chiy0120 ea | |
| 101 | 1 | @achi@ceng |
| 102 | @aCN@b110000 | |
| 105 | @aac z 000yy | |
| 200 | 1 | @a化学哲学新体系@Ahua xue zhe xue xin ti xi@d= A new system of chemical philosophy@f(英) 道尔顿著@F(ying)dao er dun zhu@g李家玉, 盛根玉译@Gli jia yu,sheng gen yu yi@zeng |
| 210 | @a北京@c北京大学出版社@d2006.07 | |
| 215 | @a308页@c肖像, 图@d27cm | |
| 225 | 2 | @a科学素养文库@Ake xue su yang wen ku@i科学元典丛书 |
| 300 | @a北京大学通识教育经典名著阅读计划 本书列入“十一五”国家重点图书出版规划 | |
| 330 | @a全书分三部分:第一部分着重论述物体的构造,阐明了科学原子论观点及其由来;第二部分结合丰富的化学实验事实,运用原子理论阐述基本元素、二元素化合物的组成和性质;第二卷第一部分重点论述金属的氧化物、硫化物、磷化物以及合金等性质的规律性,对原子论思想作了进一步阐发。 | |
| 410 | 0 | @12001 @a科学素养文库@i科学元典丛书 |
| 500 | 10 | @aNew system of chemical philosophy@mChinese |
| 606 | 0 | @a化学哲学@Ahua xue zhe xue |
| 690 | @aO6-05@v4 | |
| 701 | 1 | @a道尔顿@Adao er dun@g(Dalton, John)@4著 |
| 702 | 0 | @a李家玉@Ali jia yu@4译 |
| 702 | 0 | @a盛根玉@Asheng gen yu@4译 |
| 801 | 0 | @aCN@c20070927 |
| 905 | @dO6-05@eD192 | |
| 化学哲学新体系= A new system of chemical philosophy/(英) 道尔顿著/李家玉, 盛根玉译.-北京:北京大学出版社,2006.07 |
| 308页:肖像, 图;27cm.-(科学素养文库.科学元典丛书) |
| 北京大学通识教育经典名著阅读计划 本书列入“十一五”国家重点图书出版规划 |
| ISBN 7-301-09555-4:CNY35.00 |
| 全书分三部分:第一部分着重论述物体的构造,阐明了科学原子论观点及其由来;第二部分结合丰富的化学实验事实,运用原子理论阐述基本元素、二元素化合物的组成和性质;第二卷第一部分重点论述金属的氧化物、硫化物、磷化物以及合金等性质的规律性,对原子论思想作了进一步阐发。 |
| ● |
| 相关链接 |
|
|
|
正题名:化学哲学新体系
索取号:O6-05/D192
 
预约/预借
| 序号 | 登录号 | 条形码 | 馆藏地/架位号 | 状态 | 备注 |
| 1 | 247463 | 202474633 | 自科库401/401自科库 60排4列5层/ [索取号:O6-05/D192] | 在馆 | |
| 2 | 247464 | 202474642 | 自科库401/401自科库 60排4列5层/ [索取号:O6-05/D192] | 在馆 |